000 00534nam a22001817a 4500
005 20251108164115.0
008 250721s1998 xx 000 0 ara d
082 1 4 _a216.915/زيد
100 1 _aزيدان، زكي زكي حسين
245 1 0 _aحقوق السائح و وجباته في الفقه الإسلامي و القانون الوضعي /
264 _c1998.
300 _a210ص
650 1 7 _aالإسلام
650 1 7 _aالفقه الإسلامي
650 1 7 _aالسياحة
942 _2ddc
_cBK
999 _c3797
_d3797